Bush podpísal ambiciózny energetický zákon
Energetická sebestačnosť ako priorita amerického prezidenta už pri jeho nástupe do funkcie. Podpísaný zákon o energetike. Zákon podporí ekonomiku USA, bezpečnosť a zvýši aj ochranu životného prostredia. Zvýšenie využitia energie z vetra a podpora ďalších alternatívnych zdrojov energie. Perspektíva v...
Guardado en:
| Autor principal: | |
|---|---|
| Formato: | Capítulo de libro |
| Lenguaje: | eslovaco |
| Materias: | |
| Etiquetas: |
Sin Etiquetas, Sea el primero en etiquetar este registro!
|
MARC
| LEADER | 00000naa$a2200000$$$4500 | ||
|---|---|---|---|
| 001 | 0032494 | ||
| 005 | 20231004130744.8 | ||
| 041 | 0 | |a slo | |
| 044 | |a SK | ||
| 245 | 1 | 0 | |a Bush podpísal ambiciózny energetický zákon |c Dana Pálková |
| 520 | |a Energetická sebestačnosť ako priorita amerického prezidenta už pri jeho nástupe do funkcie. Podpísaný zákon o energetike. Zákon podporí ekonomiku USA, bezpečnosť a zvýši aj ochranu životného prostredia. Zvýšenie využitia energie z vetra a podpora ďalších alternatívnych zdrojov energie. Perspektíva vzniku Ázijsko-tichomorského partnerstva pre čistú energiu. Nesúhlas ochranárskych skupín so zákonom. Obavy z otvorenia ropných ložísk v chránených oblastiach. | ||
| 610 | 2 | 0 | |a energetika |
| 610 | 2 | 0 | |a energia atómová |
| 610 | 2 | 0 | |a energia veterná |
| 610 | 2 | 0 | |a zdroje energie prírodné |
| 610 | 2 | 0 | |a bezpečnosť |
| 610 | 2 | 0 | |a rast hospodársky |
| 610 | 2 | 0 | |a ochrana prostredia životného |
| 610 | 2 | 0 | |a spolupráca hospodárska medzinárodná |
| 610 | 2 | 0 | |a zákony |
| 610 | 2 | 0 | |a USA |
| 100 | 1 | |a Pálková, Dana | |